Breve descripción de la fiebre amarilla padecida en Cádiz y pueblos comarcanos en 1800, en Medinasidonia en 1801, en Malaga en 1803 y en esta misma plaza y varias otras del Reyno en 1804 / (Record no. 25824)

MARC details
000 -LEADER
campo de control de longitud fija 00843nam a2200193 i 4500
001 - NÚMERO DE CONTROL
campo de control 25824
003 - IDENTIFICADOR DE NÚMERO DE CONTROL
campo de control ES-MaACL
005 - FECHA Y HORA DE LA ÚLTIMA TRANSACCIÓN
campo de control 20230906153335.0
007 - CAMPO FIJO DE DESCRIPCIÓN FÍSICA--INFORMACIÓN GENERAL
campo de control de longitud fija t|
008 - DATOS DE LONGITUD FIJA--INFORMACIÓN GENERAL
campo de control de longitud fija 030103s1806 sp |||| | spa d
100 1# - ENTRADA PRINCIPAL--NOMBRE DE PERSONA
Nombre de persona Arejula, Juan Manuel de.
9 (RLIN) 22579
245 10 - MENCIÓN DEL TÍTULO
Título Breve descripción de la fiebre amarilla padecida en Cádiz y pueblos comarcanos en 1800, en Medinasidonia en 1801, en Malaga en 1803 y en esta misma plaza y varias otras del Reyno en 1804 /
Mención de responsabilidad, etc. por Juan Manuel de Arejula.
260 ## - PUBLICACIÓN, DISTRIBUCIÓN, ETC.
Lugar de publicación, distribución, etc. Madrid :
Nombre del editor, distribuidor, etc. [s.n.,
Fecha de publicación, distribución, etc. 1806] (
Fabricante Imp. Real)
300 ## - DESCRIPCIÓN FÍSICA
Extensión 472 p., 1 plan. pleg., 6 h. pleg. ;
Dimensiones 21 cm.
530 ## - NOTA DISPONIBLE DE FORMULARIO FÍSICO ADICIONAL
Nota de formato físico adicional disponible Disponible en formato digital.
650 #4 - PUNTO DE ACCESO ADICIONAL DE MATERIA--TÉRMINO DE MATERIA
Término de materia o nombre geográfico como elemento de entrada Fiebre amarilla-
Subdivisión geográfica Andalucía.
9 (RLIN) 166273
852 ## - LOCALIZACIÓN
Ubicación ES-MaACL
Número de control de estantería R-1859. Olim: G-15745.
856 ## - LOCALIZACIÓN Y ACCESO ELECTRÓNICOS
Identificador Uniforme de Recursos <a href="http://bdh-rd.bne.es/viewer.vm?id=0000092430&page=1 ">http://bdh-rd.bne.es/viewer.vm?id=0000092430&page=1 </a>
Nota pública Biblioteca Digital Hispánica
Holdings
Estatus retirado Estado de pérdida Estado de daño No para préstamo Colección Biblioteca de origen Biblioteca actual Ubicación en estantería Fecha de adquisición Fuente de adquisición Total de préstamos Signatura topográfica completa Código de barras Visto por última vez Precio de reemplazo Tipo de ítem Koha
        Colección digital Biblioteca del Ateneo de Madrid Biblioteca del Ateneo de Madrid Depósito 17/01/2008     R-1859 1026637 23/02/2023 23/02/2023 Libro impreso antiguo